00412nam a2200169Ia 4500008004100000020001500041050001300056100001800069245002800087245001700115250001900132260002100151260002200172260000900194300001400203300002500217180207s9999 xx 000 0 und d a1564021696 bO73 1993 aOrmerod, Jan. aMidnight pillow fight / cJan Ormerod. aFirst edition. aMassachusettes : bCandlewick Press, c1993 aunpaged : bcolor illustration ;